Etiketa v obchodě a podnikání /

Salvato in:
Dettagli Bibliografici
Autore principale: Šroněk, Ivan (Autore)
Natura: Libro
Lingua:ceco
Pubblicazione: Praha : Management Press, Profit, a.s, 1992
Edizione:1.vyd.
Tags: Aggiungi Tag
Nessun Tag, puoi essere il primo ad aggiungerne!!

MARC

LEADER 00000nam a22000003a 4500
001 stu5280
005 20150617225811.1
008 940310s1992----xr------------------cze-d
020 |a 80-85603-08-X 
040 |a STU  |b slo 
041 0 |a cze 
044 |a xr 
080 |a 658 
080 |a 172  |7 stu_us_auth*stu9855 
100 1 |a Šroněk, Ivan  |4 aut 
245 1 |a Etiketa v obchodě a podnikání /  |c [aut.] řroněk,Ivan 
250 |a 1.vyd. 
260 |a Praha :  |b Management Press, Profit, a.s,  |c 1992 
300 |a 103 s 
996 |b E78926  |c R*78926  |l RRUM  |s A  |a 24  |w stu5280_0001